Primacy in the church from Vatican I to Vatican II : (Record no. 4133)
[ view plain ]
| 000 -LEADER | |
|---|---|
| fixed length control field | 02013nam a2200445 i 4500 |
| 001 - CONTROL NUMBER | |
| control field | ebr10950073 |
| 003 - CONTROL NUMBER IDENTIFIER | |
| control field | CaPaEBR |
| 006 - FIXED-LENGTH DATA ELEMENTS--ADDITIONAL MATERIAL CHARACTERISTICS--GENERAL INFORMATION | |
| fixed length control field | m o d |
| 007 - PHYSICAL DESCRIPTION FIXED FIELD--GENERAL INFORMATION | |
| fixed length control field | cr cn||||||||| |
| 008 - FIXED-LENGTH DATA ELEMENTS--GENERAL INFORMATION | |
| fixed length control field | 141016t20132013ilu ob 001 0 eng d |
| 020 ## - INTERNATIONAL STANDARD BOOK NUMBER | |
| Cancelled/invalid ISBN | 9780875804736 |
| International Standard Book Number | 9781609090982 (e-book) |
| 040 ## - CATALOGING SOURCE | |
| Original cataloging agency | CaPaEBR |
| Language of cataloging | eng |
| Description conventions | rda |
| -- | pn |
| Transcribing agency | CaPaEBR |
| 035 ## - SYSTEM CONTROL NUMBER | |
| System control number | (OCoLC)879551889 |
| 050 14 - LIBRARY OF CONGRESS CALL NUMBER | |
| Classification number | BX1805 |
| Item number | .V446 2013eb |
| 082 04 - DEWEY DECIMAL CLASSIFICATION NUMBER | |
| Classification number | 262/.13 |
| Edition number | 23 |
| 100 1# - MAIN ENTRY--PERSONAL NAME | |
| Personal name | Vgenopoulos, Maximos, |
| Relator term | author. |
| 245 10 - TITLE STATEMENT | |
| Title | Primacy in the church from Vatican I to Vatican II : |
| Remainder of title | an orthodox perspective / |
| Statement of responsibility, etc | Maximos Vgenopoulos ; foreword by His All Holiness Ecumenical Patriarch Bartholomew ; Shaun Allshouse, design. |
| 264 #1 - PRODUCTION, PUBLICATION, DISTRIBUTION, MANUFACTURE, AND COPYRIGHT NOTICE | |
| Place of production, publication, distribution, manufacture | DeKalb, Illinois : |
| Name of producer, publisher, distributor, manufacturer | NIU Press, |
| Date of production, publication, distribution, manufacture, or copyright notice | 2013. |
| Date of production, publication, distribution, manufacture, or copyright notice | �2013 |
| 300 ## - PHYSICAL DESCRIPTION | |
| Extent | 1 online resource (227 pages) |
| 336 ## - CONTENT TYPE | |
| Content type term | text |
| Source | rdacontent |
| 337 ## - MEDIA TYPE | |
| Media type term | computer |
| Source | rdamedia |
| 338 ## - CARRIER TYPE | |
| Carrier type term | online resource |
| Source | rdacarrier |
| 504 ## - BIBLIOGRAPHY, ETC. NOTE | |
| Bibliography, etc | Includes bibliographical references and index. |
| 588 ## - SOURCE OF DESCRIPTION NOTE | |
| Source of description note | Description based on print version record. |
| 590 ## - LOCAL NOTE (RLIN) | |
| Local note | Electronic reproduction. Palo Alto, Calif. : ebrary, 2014. Available via World Wide Web. Access may be limited to ebrary affiliated libraries. |
| 610 20 - SUBJECT ADDED ENTRY--CORPORATE NAME | |
| Corporate name or jurisdiction name as entry element | Orthodox Eastern Church |
| General subdivision | Relations |
| -- | Catholic Church. |
| Corporate name or jurisdiction name as entry element | Catholic Church |
| General subdivision | Relations |
| -- | Orthodox Eastern Church. |
| Corporate name or jurisdiction name as entry element | Catholic Church |
| General subdivision | Doctrines. |
| Corporate name or jurisdiction name as entry element | Orthodox Eastern Church |
| General subdivision | Doctrines. |
| 650 #0 - SUBJECT ADDED ENTRY--TOPICAL TERM | |
| Topical term or geographic name as entry element | Popes |
| General subdivision | Primacy. |
| Topical term or geographic name as entry element | Episcopacy. |
| 655 #0 - INDEX TERM--GENRE/FORM | |
| Genre/form data or focus term | Electronic books. |
| 700 1# - ADDED ENTRY--PERSONAL NAME | |
| Personal name | Bartholomew, Patriarch, |
| Relator term | author of introduction, etc. |
| Personal name | Allshouse, Shaun, |
| Relator term | designer. |
| 776 08 - ADDITIONAL PHYSICAL FORM ENTRY | |
| Display text | Print version: |
| Main entry heading | Vgenopoulos, Maximos. |
| Title | Primacy in the church from Vatican I to Vatican II : an orthodox perspective. |
| Place, publisher, and date of publication | DeKalb, Illinois : NIU Press, c2013 |
| Physical description | x, 217 pages |
| International Standard Book Number | 9780875804736 |
| Record control number | 2013012132 |
| 797 2# - LOCAL ADDED ENTRY--CORPORATE NAME (RLIN) | |
| Corporate name or jurisdiction name as entry element | ebrary. |
| 856 40 - ELECTRONIC LOCATION AND ACCESS | |
| Uniform Resource Identifier | <a href="http://site.ebrary.com/lib/rucke/Doc?id=10950073">http://site.ebrary.com/lib/rucke/Doc?id=10950073</a> |
| Public note | An electronic book accessible through the World Wide Web; click to view |
No items available.
